000 00571nam a22001817a 4500
003 UA-OsUOA
001 14482
007 ta
008 20031006b un ||||| |||| 00| 0 ukr d
100 _aГречко А.
942 _cSA
040 _aUA-OsUOA
_cUA-OsUOA
_dUA-OsUOA
245 _aЖивуть у Старому Селі ветерани [II Світ. війни. Рокитнів. р-н]
300 _aС.6
955 _a0
773 0 _w0
_tВісті Рівненщини
_dРівне
_d2003
_g№78/79/24 верес./
650 7 _aКраєзнавча робота
_2UDC
999 _c300643
_d300643